Protecting information on local area networks /

Bibliographic Details
Main Author: Schweitzer, James A., 1929-
Format: Book
Language:English
Published: Boston : Butterworths, [1988]
Subjects:

MARC

Tag First Indicator Second Indicator Subfields
LEADER 00000cam a2200000 a 4500
001 in00000018548
005 20151007053256.0
008 870630s1988 maua b 00110 eng
010 |a  87017219  
020 |a 0409901385 
035 |a (OCoLC)16353248 
035 |9 AAB1048AM 
040 |a DLC  |c DLC  |d TXA  |d UtOrBLW 
049 |a TXAM  |c [A11084404] 
050 0 0 |a TK5105.7  |b .S39 1988 
082 0 |a 004.6/8  |2 19 
100 1 |a Schweitzer, James A.,  |d 1929- 
245 1 0 |a Protecting information on local area networks /  |c James A. Schweitzer. 
264 1 |a Boston :  |b Butterworths,  |c [1988] 
264 4 |c ©1988 
300 |a xiii, 138 pages :  |b illustrations ;  |c 24 cm. 
336 |a text  |b txt  |2 rdacontent 
337 |a unmediated  |b n  |2 rdamedia 
338 |a volume  |b nc  |2 rdacarrier 
504 |a Bibliography: pages 107-108. 
500 |a Includes index. 
650 0 |a Local area networks (Computer networks)  |x Security measures. 
999 |a MARS 
999 f f |s 42eda6cd-bada-3b62-9cfa-5b64d5a0423f  |i 834384d6-03cb-3741-9015-d39d72b3ed5e  |t 0 
952 f f |p ric  |a Texas A&M University  |b Rellis Campus  |c Joint Library Facility  |d Remote Storage  |t 0  |e TK5105.7 .S39 1988  |h Library of Congress classification  |i unmediated -- volume  |m A14811084404 
998 f f |a TK5105.7 .S39 1988  |t 0  |l Remote Storage